| Поле | Инд. | ПП | Название | Значение |
|---|---|---|---|---|
| Тип записи | a | |||
| Библиографический уровень | b | |||
| 001 | Контрольный номер | RU/IS/BASE/117132154 | ||
| 005 | Дата корректировки | 20220420141803.5 | ||
| 084 | a | Индекс другой классификации/Индекс ББК | 88.9; 88.8-69 | |
| 100 | 1_ | a | Автор | Родионов А. В. |
| q | Полное имя | Родионов Альберт Вячеславович | ||
| 245 | a | Заглавие | Средства управления "рабочими" стрессами | |
| 500 | a | Примечание | Продолжение. Начало в № 3, 2002 | |
| 504 | a | Библиография | Лит. в конце статьи | |
| 520 | a | Аннотация | Об управлении "рабочими" стрессами сотрудников спецподразделений. "Понятие "рабочего" стресса связано с постоянным воздействием на психику сотрудников спецподразделений стресс-факторов умеренной интенсивности, т.е. не вызывающих психических травм, но имеющих свойство "накапливаться". Этот процесс приводит в конечном итоге к психосоматическим заболеваниям." | |
| 650 | a | Основная рубрика | практическая психология (прикладная психология) | |
| a | Основная рубрика | психология | ||
| a | Основная рубрика | психология труда | ||
| 653 | a | Ключевые слова | "рабочий" стресс | |
| a | Ключевые слова | инертный тип личности | ||
| a | Ключевые слова | ментальный тренинг | ||
| a | Ключевые слова | метод десензитизации | ||
| a | Ключевые слова | невротический тип личности | ||
| a | Ключевые слова | посттравматический стресс | ||
| a | Ключевые слова | предупреждение стресса | ||
| a | Ключевые слова | профессиональное выгорание | ||
| a | Ключевые слова | психокоррекция | ||
| a | Ключевые слова | психологическая устойчивость | ||
| a | Ключевые слова | психологические типы личности | ||
| a | Ключевые слова | психологический тренинг | ||
| a | Ключевые слова | реактивный тип личности | ||
| a | Ключевые слова | самовнушение | ||
| a | Ключевые слова | самоконтроль | ||
| a | Ключевые слова | психическая саморегуляция | ||
| a | Ключевые слова | сотрудники спецподразделений | ||
| a | Ключевые слова | стресс | ||
| a | Ключевые слова | толерантность | ||
| a | Ключевые слова | управление стрессом | ||
| a | Ключевые слова | эмоциональное напряжение | ||
| 700 | a | Автор | Берковская М. И. | |
| q | Полное имя | Берковская Мария Иосифовна | ||
| 700 | a | Автор | Комаров К. Э. | |
| q | Полное имя | Комаров Константин Эдуардович | ||
| 700 | a | Автор | Сухоруков Н. В. | |
| 773 | t | Заглавие источника | Вестник психосоциальной и коррекционно-реабилитационной работы | |
| d | Дата издания источника | 2003 | ||
| g | Прочая информация | № 1. - С. 57 - 79 | ||
| w | Контрольный № источника | RU/IS/BASE/102006268 | ||
| 901 | t | Тип документа | b |